000 00682nam a2200289Ia 4500
005 20260324113635.0
008 008 260324s9999 xx 000 0 eng d
020 _a9781003403012
037 _aEBOOK
040 _aCRL
040 _beng
040 _cCRL
041 _2eng
041 _aeng
084 _qCRL
100 _aRaul Moncayo
_91067711
245 0 _aLacan, Jouissance, and the Social Sciences
245 4 _bThe One and the Many
260 _bTaylor and Francis
260 _c2023
365 _a
365 _b82.99
856 _uhttp://www.taylorfrancis.com/books/9781003403012
942 _cEBOOK
999 _c1737341
_d1737341